L'adjectif qualificatif (notice n° 1567238)

détails MARC
000 -LEADER
fixed length control field 01134cam a2200145 4500500
005 - DATE AND TIME OF LATEST TRANSACTION
control field 20251214002631.0
041 ## - LANGUAGE CODE
Language code of text/sound track or separate title fre
042 ## - AUTHENTICATION CODE
Authentication code dc
100 10 - MAIN ENTRY--PERSONAL NAME
Personal name Leca-Mercier, Florence
Relator term author
245 00 - TITLE STATEMENT
Title L'adjectif qualificatif
260 ## - PUBLICATION, DISTRIBUTION, ETC.
Name of publisher, distributor, etc. Armand Colin,<br/>
Date of publication, distribution, etc. 2012.<br/>
520 ## - SUMMARY, ETC.
Summary, etc. Destinée aux étudiants débutants ou reprenant contact avec la linguistique, cette synthèse des connaissances linguistiques (syntaxe, sémantique) sur l'adjectif qualificatif offre un exposé très progressif du sujet. Il expose toutes les mises au point théoriques et terminologiques sur les notions-clés, et propose de très nombreux exercices d'application. De nombreuses références bibliographiques permettent d'approfondir les connaissances. Florence Leca Mercier, ancienne élève de l’École normale supérieure, agrégée et docteur en Lettres, est maître de conférences à l’université de Paris IV-Sorbonne, où elle enseigne la grammaire française et la stylistique.
700 10 - ADDED ENTRY--PERSONAL NAME
Personal name Mercier-Leca, Florence
Relator term author
856 41 - ELECTRONIC LOCATION AND ACCESS
Uniform Resource Identifier <a href="https://shs.cairn.info/l-adjectif-qualificatif--9782200284145?lang=fr&redirect-ssocas=7080">https://shs.cairn.info/l-adjectif-qualificatif--9782200284145?lang=fr&redirect-ssocas=7080</a>

Pas d'exemplaire disponible.

PLUDOC

PLUDOC est la plateforme unique et centralisée de gestion des bibliothèques physiques et numériques de Guinée administré par le CEDUST. Elle est la plus grande base de données de ressources documentaires pour les Étudiants, Enseignants chercheurs et Chercheurs de Guinée.

Adresse

627 919 101/664 919 101

25 boulevard du commerce
Kaloum, Conakry, Guinée

Réseaux sociaux

Powered by Netsen Group @ 2025